Statistics for 4-Letter World Cities

Click here to take the quiz!

General Stats

  • This quiz has been taken 46 times
  • The average score is 13 of 25

Answer Stats

Country4-Letter World Cities% Correct
ItalyRome
100%
UkraineKiev
100%
PeruLima
98%
NorwayOslo
98%
FranceLyon
91%
QatarDoha
87%
AzerbaijanBaku
82%
ChinaXian
76%
PalestineGaza
67%
TogoLomé
67%
ColombiaCali
62%
IndiaPune
60%
NigeriaKano
49%
PhilippinesCebu
47%
IndiaAgra
47%
RussiaOmsk
42%
AlgeriaOran
38%
RussiaPerm
33%
MexicoLeón
22%
ChinaZibo
16%
ChinaCixi
9%
JapanNaha
9%
ChinaYiwu
4%
ChinaWuhu
2%
IndiaKotā
2%

Score Distribution

Percentile by Number Answered

Percent of People with Each Score

Your Score History

You have not taken this quiz